=LDR 00000nam 2200000 4500 =001 INLIS000000000018232 =005 20151010105435.0 =006 =007 =008 Ind =035 ##$$0010-061300000018232 =041 ##$$a Ind =082 ##$$a 641.1 =090 ##$$a 641.1, Sug r =100 ##$$a Sugeng HR =245 ##$$a Resep masakan bergizi dan pengetahuan tentang makanan, Sugeng HR =260 ##$$a 1992 $b Semarang =300 ##$$a 87 hlm, ilus, 18 cm =650 ##$$a Resep masakan =850 ##$$a NBPNMAT